01368nam a2200229 a 450000100100000000500170001000800410002704000250006824500870009326000360018030000210021650000730023750504390031059000750074965000320082465000280085670000210088470000290090504900090093495201780094399900170112100003580520200930074627.0111114s1973 dr 000 0 spa d aDO-SdBNPbspacBNPHU00aFundamentos teóricos de la historia /cL. Hosak...[et. al] ; editor Juan Pablos. aMéxico :bJuan Pablos,c1973. a110 p. ;c21 cm. aIncluye referencias bibliográficas y notas al pie de las páginas0 a1. Significación de la historia para el progreso nacional y social. Tareas del estudio de la historia --t2. Esencia y contenido de la historia. Su posición entre las ciencias sociales --t3. Resumen de la evolución de las opiniones sobre la historia en el período anterior a Marx --t4. Concepciones burguesas de la historia, desde el surgimiento del marxismo hasta la revolución de octubre --t5. Materialismo histórico. aPerteneció a la biblioteca personal de Juan Isidro Jimenes Grullón 4aHistoriaxFilosofía98155 4aHistoriografía91306412aHosak, L.96175512aPablos, Juaneed.961756 aBNPD 0010718PDaGRbGRcCTd2011-11-14iLF1l0o p35805-10r2020-06-25w2020-06-25yLFPDzPerteneció a la biblioteca personal de Juan Isidro Jimenes Grullón.ZNo se presta c35296d35296